"And Something" Bands and Artists by Notable Works - Statistics

General Stats
  • This quiz has been taken 109 times
  • The average score is 18 of 36
Answer Stats
Answer % Correct
Prince
93%
Joan Jett
83%
Bruce Springsteen
81%
Huey Lewis
70%
Bob Marley
69%
the News
67%
the Blackhearts
66%
the Wailers
65%
Buddy Holly
58%
the Dominos
58%
the E Street Band
58%
Derek
56%
Florence
55%
the Machine
55%
the Revolution
55%
the Crickets
52%
Bill Haley
51%
his Comets
49%
the Heartbreakers
49%
Tom Petty
49%
Smokey Robinson
44%
Martha
39%
Hootie
38%
the Blowfish
38%
the Miracles
38%
the Vandellas
38%
Sly
36%
the Family Stone
36%
Echo
30%
the Bunnymen
30%
Sam the Sham
29%
Crazy Horse
28%
Neil Young
28%
the Pharaohs
28%
Frank Zappa
13%
the Mothers of Invention
13%
No matching quizzes found
Score Distribution
Percent of People with Each Score
Percentile by Number Answered
Your Score History
You have not taken this quiz